|
|
|
|
| LEADER |
01982cam a2200481 a 4500 |
| 001 |
nkc20142539588 |
| 003 |
CZ PrNK |
| 005 |
20181213235009.0 |
| 007 |
ta |
| 008 |
140120s2013 xr ab f 000 0 cze d |
| 015 |
|
|
|a cnb002539588
|
| 020 |
|
|
|a 978-80-210-6608-3
|q (váz.) :
|c neprodejné
|
| 035 |
|
|
|a (OCoLC)876341352
|
| 040 |
|
|
|a KLG001
|b cze
|d BOA001
|
| 072 |
|
7 |
|a 574
|x Obecná ekologie
|2 Konspekt
|9 2
|
| 080 |
|
|
|a 574.4/.5
|2 MRF
|
| 080 |
|
|
|a 574.038
|2 MRF
|
| 080 |
|
|
|a (048.8)
|2 MRF
|
| 100 |
1 |
|
|a Rotter, Pavel,
|d 1985-
|7 mub2011670291
|4 aut
|
| 245 |
1 |
0 |
|a Stabilita ekologických systémů /
|c Pavel Rotter
|
| 250 |
|
|
|a 1. vyd.
|
| 260 |
|
|
|a Brno :
|b Masarykova univerzita, Centrum pro výzkum toxických látek v prostředí,
|c 2013
|
| 300 |
|
|
|a 266 s. :
|b il. (převážně barev.), mapy ;
|c 25 cm
|
| 490 |
1 |
|
|a Recetox
|
| 500 |
|
|
|a Nad názvem: Masarykova univerzita, Přírodovědecká fakulta, Centrum pro výzkum toxických látek v prostředí
|
| 500 |
|
|
|a 300 výt.
|
| 504 |
|
|
|a Obsahuje bibliografii
|
| 650 |
0 |
7 |
|a ekosystémy
|7 ph114432
|2 czenas
|
| 650 |
0 |
7 |
|a ekologická rovnováha
|7 ph119797
|2 czenas
|
| 650 |
0 |
9 |
|a ecosystems
|2 eczenas
|
| 650 |
0 |
9 |
|a ecological balance
|2 eczenas
|
| 655 |
|
7 |
|a monografie
|7 fd132842
|2 czenas
|
| 655 |
|
9 |
|a monographs
|2 eczenas
|
| 710 |
2 |
|
|a Masarykova univerzita.
|b Centrum pro výzkum toxických látek v prostředí
|7 kn20101101016
|
| 830 |
|
0 |
|a Recetox
|
| 856 |
4 |
1 |
|u http://www.digitalniknihovna.cz/mzk/uuid/uuid:b4055f90-e1a3-11e8-a5a4-005056827e52
|y Digitalizovaný dokument
|x NDK
|
| 910 |
2 |
|
|a BOA001
|b 2-1322.853
|
| 990 |
|
|
|a BK
|
| 995 |
|
|
|a 01
|
| 991 |
|
|
|b 201403
|c NOV
|e n
|j 574 ROT
|
| 996 |
6 |
|
|b 2610584365
|c 2-1322.853
|l MZK
|r Sklad / do 1 hodiny
|n 1
|p p.v.
|w 001406318
|u 000010
|a 1
|e BOA001
|j MZK50
|s P
|
| 996 |
6 |
|
|b 2610584366
|c 2-1322.853
|l MZK
|r STM 6p
|n 0
|p p.v.
|h 574 ROT
|w 001406318
|u 000020
|a 0
|e BOA001
|j MZK50
|s P
|
| 996 |
7 |
|
|b 2610586547
|c 2-1322.853
|l MZK
|r Sklad / do 1 hodiny
|n 10
|p kup
|w 001406318
|u 000030
|a 1
|e BOA001
|j MZK50
|s A
|